[Event "Challenge"]
[Site "http://www.queenalice.com/game.php?id=1407205"]
[Date "2016.2.1"]
[Round "-"]
[White "Adrianovlg"]
[Black "Brucybabe"]
[Result "1-0"]
[WhiteElo "2100"]
[BlackElo "2153"]

1. e4 c5 2. Nf3 Nc6 3. d4 cxd4 4. Nxd4 Qb6 5. Nxc6 bxc6 6. Bd3 g6 7. Nd2 Bg7 8.
O-O d6 9. Nc4 Qc7 10. c3 Nf6 11. f4 O-O 12. Qe1 Ba6 13. Qh4 Bxc4 14. Bxc4 Nxe4
15. f5 Nf6 16. fxg6 hxg6 17. Bh6 Qb6+ 18. Kh1 Qxb2 19. Rae1 Qb7 20. Re3 Bxh6 21.
Qxh6 Ng4 22. Qxg6+ 1-0

[Event "Challenge"]
[Site "http://www.queenalice.com/game.php?id=1415758"]
[Date "2016.3.30"]
[Round "-"]
[White "paulonov"]
[Black "Brucybabe"]
[Result "0-1"]
[WhiteElo "2108"]
[BlackElo "2140"]

1. e4 c5 2. Nf3 Nc6 3. Bb5 g6 4. c3 Nf6 5. e5 Nd5 6. O-O Bg7 7. d4 cxd4 8. cxd4
O-O 9. Bc4 Nb6 10. Bb3 d6 11. Qe2 dxe5 12. dxe5 Bg4 13. e6 f5 14. h3 Nd4 15. Qe3
f4 16. Qe4 Bf5 17. Qxb7 Rb8 18. Qxa7 Nxf3+ 19. gxf3 g5 20. Rd1 Qe8 21. Kg2 Bf6
22. Nc3 Qh5 23. Rh1 Rfe8 24. Bd1 Qh4 25. Qa6 Bd4 26. Qe2 Nc4 27. Ne4 Bxe4 28.
fxe4 f3+ 29. Qxf3 Rf8 30. Rf1 Rxf3 31. Bxf3 Rf8 32. Rb1 Ne5 33. Be3 Nxf3 34.
Bxd4 Nxd4 35. Rbd1 Rf3 36. Rxd4 Qxh3+ 37. Kg1 Qg4+ 0-1

[Event "AUTO-MASTER-2460"]
[Site "http://www.queenalice.com/game.php?id=1421160"]
[Date "2016.5.3"]
[Round "1"]
[White "reycas"]
[Black "Brucybabe"]
[Result "0-1"]
[WhiteElo "2120"]
[BlackElo "2152"]

1. e4 c5 2. Nc3 g6 3. d4 Bg7 4. d5 d6 5. Bb5+ Bd7 6. Nge2 Nf6 7. Qd3 a6 8. Bxd7+
Nbxd7 9. a4 Ne5 10. Qg3 O-O 11. O-O b5 12. f3 b4 13. Nd1 a5 14. Bf4 Nh5 15. Qh3
Nxf4 16. Nxf4 Nc4 17. Ra2 Rb8 18. b3 Nb6 19. g4 c4 20. Ng2 cxb3 21. cxb3 Rc8 22.
Nge3 Nd7 23. f4 Nc5 24. Nc4 Nxe4 25. Nde3 Bd4 26. Kg2 Bg7 27. Kf3 Nc5 28. Rb1 e5
29. f5 e4+ 30. Ke2 Nd3 31. Qg3 Ne5 32. Rd2 Bh6 33. Nxe5 dxe5 34. Qxe5 Re8 35.
Qd4 Rc3 36. Nc4 Bxd2 37. Nxd2 Rd3 38. Qc4 Rxd5 39. Nf1 gxf5 40. gxf5 Rxf5 41.
Ne3 Qd3+ 42. Qxd3 exd3+ 43. Kxd3 Rf3 44. Re1 f5 45. Kd4 Rfxe3 46. Rxe3 Rxe3 47.
Kxe3 Kf7 48. Kf4 Kf6 49. h3 h6 50. h4 Ke6 51. Ke3 Ke5 52. Kd3 f4 53. Kc4 f3 54.
Kb5 Kd4 55. Kxa5 Kc5 56. Ka6 f2 57. Kb7 f1=Q 58. Ka7 Qf6 59. a5 Kb5 0-1

[Event "AUTO-MASTER-2460"]
[Site "http://www.queenalice.com/game.php?id=1421161"]
[Date "2016.5.3"]
[Round "1"]
[White "Brucybabe"]
[Black "reycas"]
[Result "0-1"]
[WhiteElo "2163"]
[BlackElo "2109"]

1. d4 Nf6 2. c4 c5 3. d5 b5 4. cxb5 a6 5. e3 d6 6. Nc3 g6 7. Bc4 Bg7 8. bxa6
Bxa6 9. Qa4+ Qd7 10. Qxd7+ Nbxd7 11. Bxa6 Rxa6 12. e4 O-O 13. Nf3 Ng4 14. h3
Nge5 15. Nxe5 Nxe5 16. a4 Nd3+ 17. Ke2 c4 18. f4 Rfa8 19. Nb5 Rxa4 20. Ra3 Nxc1+
21. Rxc1 Bxb2 22. Rxa4 Rxa4 23. Rc2 Rb4 24. Nc3 e6 25. dxe6 fxe6 26. Nd1 Bd4 27.
Ne3 c3 28. Nd1 Bf6 29. Nxc3 Bxc3 30. Rxc3 Rxe4+ 31. Kf3 d5 32. Rc7 Re1 33. Kg4
h6 34. Rd7 Re4 35. Kf3 g5 36. fxg5 hxg5 37. g3 Kf8 38. g4 Rf4+ 39. Ke3 Rf1 40.
Ke2 Rh1 41. Rh7 e5 42. Rh5 e4 43. Rxg5 d4 44. Rf5+ Kg7 45. Rf4 Rh2+ 46. Ke1 Rh1+
47. Kd2 e3+ 48. Kd3 Rd1+ 49. Ke2 Rd2+ 50. Kf1 d3 0-1

[Event "AUTO-MASTER-2460"]
[Site "http://www.queenalice.com/game.php?id=1421176"]
[Date "2016.5.3"]
[Round "1"]
[White "Brucybabe"]
[Black "rmvwoods"]
[Result "1-0"]
[WhiteElo "2153"]
[BlackElo "2065"]

1. d4 d5 2. c4 e6 3. Nc3 Nf6 4. Bg5 Be7 5. cxd5 exd5 6. Qc2 Be6 7. e3 Nbd7 8.
Nf3 h6 9. Bh4 g5 10. Bg3 Nh5 11. Bd3 Nxg3 12. hxg3 Bd6 13. Bf5 Qe7 14. Bxe6 Qxe6
15. Nxg5 Qf6 16. Nf3 O-O-O 17. Nxd5 Qe6 18. Nc3 Nb6 19. O-O-O Bb4 20. Kb1 Qg6
21. Qxg6 fxg6 22. Ne5 1-0

[Event "AUTO-MASTER-2460"]
[Site "http://www.queenalice.com/game.php?id=1421177"]
[Date "2016.5.3"]
[Round "1"]
[White "rmvwoods"]
[Black "Brucybabe"]
[Result "1/2-1/2"]
[WhiteElo "2188"]
[BlackElo "2168"]

1. d4 d5 2. c4 e6 3. Nc3 Nf6 4. Bg5 c6 5. e3 h6 6. Bh4 Be7 7. c5 O-O 8. Nf3 Nbd7
9. Bd3 Re8 10. O-O Nh7 11. Bxe7 Qxe7 12. Bxh7+ Kxh7 13. Qc2+ Kg8 14. b4 Nf6 15.
Ne2 Nd7 16. Ne5 Nxe5 17. dxe5 Qc7 18. f4 b6 19. e4 b5 20. exd5 exd5 21. h3 a5
22. a3 g6 23. Nd4 Bd7 24. Rae1 axb4 25. axb4 Ra4 26. Qc3 Be6 27. Nxe6 Rxe6 28.
Ra1 Rxa1 29. Rxa1 Re8 30. Kf2 Rb8 31. Kf3 Qc8 32. g4 Ra8 33. Ra5 Rb8 34. Qa1 Qc7
35. Ra7 Rb7 36. Rxb7 Qxb7 37. Qa5 Kg7 38. Qd8 Qa7 39. Qf6+ Kh7 40. Qxc6 Qa3+ 41.
Kg2 Qb2+ 42. Kg3 Qc3+ 43. Kg2 Qd2+ 44. Kg3 Qe3+ 45. Kg2 Qe2+ 46. Kg3 1/2-1/2

[Event "AUTO-MASTER-2460"]
[Site "http://www.queenalice.com/game.php?id=1421178"]
[Date "2016.5.3"]
[Round "1"]
[White "Brucybabe"]
[Black "dadge"]
[Result "1-0"]
[WhiteElo "2162"]
[BlackElo "2095"]

1. d4 d5 2. Nf3 Nf6 3. c4 e6 4. Nc3 Bb4 5. e3 Ne4 6. Bd2 Nxd2 7. Nxd2 O-O 8.
cxd5 exd5 9. Bd3 c6 10. O-O Qh4 11. Nf3 Qf6 12. Qc2 g6 13. Ne5 Nd7 14. f4 Re8
15. f5 g5 16. Nxd7 Bxd7 17. Rf3 h6 18. g4 Bf8 19. Raf1 Bg7 20. Ne2 Re7 21. Ng3
Rd8 22. Nh5 1-0

[Event "AUTO-MASTER-2460"]
[Site "http://www.queenalice.com/game.php?id=1421179"]
[Date "2016.5.3"]
[Round "1"]
[White "dadge"]
[Black "Brucybabe"]
[Result "1/2-1/2"]
[WhiteElo "2016"]
[BlackElo "2156"]

1. e4 c5 2. Nf3 Nc6 3. d4 cxd4 4. Nxd4 Qb6 5. Nb3 e6 6. Be3 Qc7 7. Bd3 Nf6 8.
N1d2 d5 9. O-O dxe4 10. Nxe4 Be7 11. c3 O-O 12. Nd4 Nxe4 13. Bxe4 Bf6 14. Nxc6
bxc6 15. Qh5 g6 16. Qc5 Bb7 17. Rad1 Be7 18. Qc4 c5 19. Bxb7 Qxb7 20. Rd2 Rfd8
21. Rfd1 Rxd2 22. Rxd2 Rc8 23. Qa4 Qc7 24. Qd7 Kf8 25. Bh6+ Kg8 26. g3 Bf6 27.
h4 Be7 28. Bf4 Qxd7 29. Rxd7 Bd8 30. Rxa7 Kg7 31. a4 Bf6 32. a5 c4 33. a6 Rc6
34. Ra8 Be7 35. Be3 Bc5 36. Bxc5 Rxc5 37. Rb8 Ra5 38. Rb4 Rxa6 39. Rxc4 Rb6 40.
b4 Rb5 41. Kg2 Kf6 42. f4 Ke7 43. Rd4 h5 44. Rd2 Rd5 45. Rb2 Kd7 46. c4 Rd4 47.
c5 Kc6 48. Kf3 Kb5 49. Ke3 Rd7 50. Rd2 Rc7 51. Kd4 Kxb4 52. Rb2+ Ka3 53. Rb6 Ka4
54. Kc4 Ka5 55. Rb8 Ka6 56. Rb6+ Ka7 57. Rd6 Kb7 58. Kb5 Kc8 59. c6 Re7 60. Kb6
Rc7 61. Rd4 Re7 62. Ra4 Kb8 63. Rd4 Kc8 64. Ra4 Kb8 65. Rd4 Kc8 1/2-1/2

[Event "AUTO-OPEN-3647"]
[Site "http://www.queenalice.com/game.php?id=1421308"]
[Date "2016.5.4"]
[Round "1"]
[White "Brucybabe"]
[Black "ravenga"]
[Result "1/2-1/2"]
[WhiteElo "2174"]
[BlackElo "2265"]

1. d4 Nf6 2. c4 g6 3. Bg5 Bg7 4. Nc3 O-O 5. Nf3 d6 6. e3 b6 7. Be2 Bb7 8. Qc2
Nbd7 9. O-O c5 10. d5 h6 11. Bh4 g5 12. Bg3 Ne8 13. e4 e5 14. dxe6 fxe6 15. Nb5
Qe7 16. Rad1 e5 17. Nc3 Nef6 18. Rd2 Nb8 19. Rfd1 Ne8 20. Nb5 Rf6 21. Nc3 Nd7
22. Nd5 Bxd5 23. Rxd5 Nc7 24. R5d3 Nb8 25. Qd2 Ne8 26. Ne1 Nc6 27. Nc2 Nd4 28.
Ne3 Nc7 29. Nf5 Qf8 30. h4 Nce6 31. hxg5 hxg5 32. Bg4 Nf4 33. Bxf4 gxf4 34. Nxd4
cxd4 35. Rh3 Qf7 36. b3 Rh6 37. Qd3 Kf8 38. Rxh6 Bxh6 39. Qh3 Qf6 40. Qh5 Kg7
41. Qf5 Qxf5 42. Bxf5 Rh8 43. Be6 Kf6 44. Bd5 Bg5 45. Rd3 Rh7 1/2-1/2

[Event "AUTO-OPEN-3647"]
[Site "http://www.queenalice.com/game.php?id=1421309"]
[Date "2016.5.4"]
[Round "1"]
[White "ravenga"]
[Black "Brucybabe"]
[Result "1-0"]
[WhiteElo "2266"]
[BlackElo "2177"]

1. e4 c5 2. Nf3 Nc6 3. d4 cxd4 4. Nxd4 Qb6 5. c3 Nxd4 6. Qxd4 Qxd4 7. cxd4 e6 8.
Nc3 Bb4 9. Bd2 Ne7 10. O-O-O a6 11. Kb1 d5 12. Nxd5 Nxd5 13. exd5 Bxd2 14. Rxd2
exd5 15. Bd3 Be6 16. Re1 Kd7 17. Rde2 Rhe8 18. f4 Bg4 19. Re5 f6 20. Rxe8 Rxe8
21. Rxe8 Kxe8 22. Bxh7 Ke7 23. Bd3 Kd6 24. Kc2 Kc6 25. h3 Bd7 26. Be2 Kd6 27. b3
g5 28. fxg5 fxg5 29. g4 a5 30. Kd2 Be8 31. Ke3 Bd7 32. Kf2 Be6 33. Bb5 Ke7 34.
Kg3 Kf6 35. h4 gxh4+ 36. Kxh4 Bf7 37. Bd7 Bg6 38. Bc8 b6 39. g5+ Ke7 40. Kg4 Bb1
41. a3 Bc2 42. b4 axb4 43. axb4 Bg6 44. Bf5 Be8 45. Bh7 1-0

[Event "AUTO-OPEN-3647"]
[Site "http://www.queenalice.com/game.php?id=1421312"]
[Date "2016.5.4"]
[Round "1"]
[White "Brucybabe"]
[Black "fomalhaut"]
[Result "1-0"]
[WhiteElo "2173"]
[BlackElo "1537"]

1. d4 d5 2. Nf3 Nc6 3. c4 e6 4. Nc3 Bb4 5. cxd5 exd5 6. e3 Bg4 7. Be2 Nf6 8. O-O
O-O 9. Re1 h6 10. Bd2 Ne7 11. Ne5 Bxe2 12. Qxe2 b6 13. Rac1 Nf5 14. Nc6 Qd6 15.
Nxb4 Qxb4 16. Nxd5 Qxb2 17. Nxf6+ gxf6 18. Bc3 Qxe2 19. Rxe2 Kg7 20. Bb4 1-0

[Event "AUTO-OPEN-3647"]
[Site "http://www.queenalice.com/game.php?id=1421313"]
[Date "2016.5.4"]
[Round "1"]
[White "fomalhaut"]
[Black "Brucybabe"]
[Result "0-1"]
[WhiteElo "1539"]
[BlackElo "2172"]

1. e4 c5 2. c3 Qa5 3. Na3 d6 4. Bb5+ Bd7 5. Bxd7+ Nxd7 6. Nf3 Ngf6 7. d3 g6 8.
O-O Bg7 9. Nc4 Qc7 10. Bg5 O-O 11. b3 b5 12. Ne3 Rfd8 13. Rc1 Qb7 14. Qc2 Rac8
15. a3 a5 16. h3 Nf8 17. Rfd1 Ne6 18. Bh4 Nd4 19. Qd2 Nxb3 0-1

[Event "Challenge"]
[Site "http://www.queenalice.com/game.php?id=1435996"]
[Date "2016.8.12"]
[Round "-"]
[White "Brucybabe"]
[Black "K35"]
[Result "1-0"]
[WhiteElo "2176"]
[BlackElo "1645"]

1. d4 Nf6 2. c4 g6 3. Nf3 Bg7 4. g3 d6 5. Bg2 O-O 6. O-O Nbd7 7. Nc3 e5 8. e4 c6
9. b3 exd4 10. Nxd4 Re8 11. h3 Nc5 12. Re1 a5 13. Rb1 h6 14. Bf4 g5 15. Bc1 1-0

[Event "AUTO-OPEN-3647"]
[Site "http://www.queenalice.com/game.php?id=1438553"]
[Date "2016.8.30"]
[Round "2"]
[White "vivafischer"]
[Black "Brucybabe"]
[Result "1-0"]
[WhiteElo "2160"]
[BlackElo "2145"]

1. Nf3 d5 2. g3 g6 3. Bg2 Bg7 4. O-O Nf6 5. d3 O-O 6. Nbd2 d4 7. Nb3 Nc6 8. Bf4
Re8 9. Ne5 Nxe5 10. Bxe5 Ng4 11. Bxg7 Kxg7 12. h3 Nf6 13. c3 dxc3 14. bxc3 Rb8
15. d4 b6 16. a4 Bb7 17. Bxb7 Rxb7 18. a5 Qd7 19. Kh2 e6 20. axb6 cxb6 21. Qb1
Rc8 22. Qd3 Rbc7 23. Rfc1 Nd5 24. c4 Nf6 25. e4 Ne8 26. e5 Rc6 27. Nd2 b5 28.
Ra3 bxc4 29. Rxc4 Qe7 30. Rac3 Rxc4 31. Rxc4 Rxc4 32. Qxc4 Nc7 33. Ne4 1-0

[Event "AUTO-OPEN-3647"]
[Site "http://www.queenalice.com/game.php?id=1438554"]
[Date "2016.8.30"]
[Round "2"]
[White "Brucybabe"]
[Black "vivafischer"]
[Result "0-1"]
[WhiteElo "2151"]
[BlackElo "2336"]

1. d4 d5 2. Nf3 Nf6 3. c4 c6 4. e3 e6 5. Bd3 Nbd7 6. O-O dxc4 7. Bxc4 b5 8. Bd3
a6 9. a4 Bb7 10. e4 Be7 11. Qe2 O-O 12. Bg5 Nh5 13. Bxe7 Qxe7 14. Nbd2 Nf4 15.
Qe3 Nxd3 16. Qxd3 e5 17. dxe5 Nxe5 18. Nxe5 Qxe5 19. Qc2 c5 20. f3 Rfd8 21. Nb3
c4 22. Na5 Qc5+ 23. Qf2 Qc7 24. Nxb7 Qxb7 25. axb5 axb5 26. Rfd1 h6 27. Rxd8+
Rxd8 28. Qc2 Qb6+ 29. Qf2 Qxf2+ 30. Kxf2 Rd2+ 0-1

[Event "Challenge"]
[Site "http://www.queenalice.com/game.php?id=1442370"]
[Date "2016.9.22"]
[Round "-"]
[White "Pool888"]
[Black "Brucybabe"]
[Result "1-0"]
[WhiteElo "2197"]
[BlackElo "2083"]

1. e4 c5 2. Nf3 Nc6 3. d4 cxd4 4. Nxd4 d6 5. c4 Nf6 6. Nc3 Nxd4 7. Qxd4 g6 8.
Bg5 e5 9. Qd2 h6 10. Bh4 Be7 11. f3 Qb6 12. Bxf6 Bxf6 13. Nd5 Qd8 14. Nxf6+ Qxf6
15. O-O-O Ke7 16. Qb4 b6 17. a4 Bd7 18. Be2 Rhc8 19. b3 1-0

[Event "Challenge"]
[Site "http://www.queenalice.com/game.php?id=1442371"]
[Date "2016.9.22"]
[Round "-"]
[White "Brucybabe"]
[Black "Pool888"]
[Result "0-1"]
[WhiteElo "2083"]
[BlackElo "2184"]

1. d4 d5 2. Nf3 Nf6 3. c4 c6 4. e3 Bf5 5. Nc3 e6 6. Be2 Nbd7 7. Nh4 Bg6 8. Bd2
Bd6 9. Nxg6 hxg6 10. Qc2 Rc8 11. e4 dxe4 12. Nxe4 Nxe4 13. Qxe4 Nf6 14. Qd3 c5
15. O-O-O Rh4 16. dxc5 Bxc5 17. Qf3 Rd4 18. Be3 Rxd1+ 19. Rxd1 Bxe3+ 20. Qxe3
Qa5 0-1

[Event "Challenge"]
[Site "http://www.queenalice.com/game.php?id=1449878"]
[Date "2016.11.13"]
[Round "-"]
[White "zugzwangkid"]
[Black "Brucybabe"]
[Result "1-0"]
[WhiteElo "1530"]
[BlackElo "2133"]

1. d4 d5 2. c4 e6 3. Nc3 Nf6 4. Nf3 Be7 5. Bg5 h6 6. Bxf6 Bxf6 7. e3 c6 8. Bd3
O-O 9. O-O Nd7 10. Qe2 dxc4 11. Bxc4 e5 12. d5 1-0

[Event "Challenge"]
[Site "http://www.queenalice.com/game.php?id=1450062"]
[Date "2016.11.13"]
[Round "-"]
[White "Brucybabe"]
[Black "Bzwugzwang"]
[Result "0-1"]
[WhiteElo "2110"]
[BlackElo "1528"]

1. d4 d5 2. Nf3 Nf6 3. c4 c6 4. e3 Bg4 5. cxd5 cxd5 6. Nc3 Nc6 7. Bb5 e6 8. O-O
Bd6 9. h3 Bh5 10. Re1 O-O 0-1